Journal / (Record no. 148580)

MARC details
000 -LEADER
campo de control de longitud fija 00609nam a2200205 4500
001 - NÚMERO DE CONTROL
campo de control 148580
003 - IDENTIFICADOR DE NÚMERO DE CONTROL
campo de control ES-MaACL
005 - FECHA Y HORA DE LA ÚLTIMA TRANSACCIÓN
campo de control 20240524063001.0
007 - CAMPO FIJO DE DESCRIPCIÓN FÍSICA--INFORMACIÓN GENERAL
campo de control de longitud fija t|
008 - DATOS DE LONGITUD FIJA--INFORMACIÓN GENERAL
campo de control de longitud fija 070214s1935 fr r ||||1| fre d
100 0# - ENTRADA PRINCIPAL--NOMBRE DE PERSONA
Nombre de persona Stendhal,
Fechas asociadas al nombre 1783-1842
9 (RLIN) 108086
245 10 - MENCIÓN DEL TÍTULO
Título Journal /
Mención de responsabilidad, etc. Stendhal ; texte établi et annoté par Henri Debraye, Louis Royer.
250 ## - MENCION DE EDICION
Mención de edición 5ª. ed.
260 ## - PUBLICACIÓN, DISTRIBUCIÓN, ETC.
Lugar de publicación, distribución, etc. Paris :
Nombre del editor, distribuidor, etc. Gallimard,
Fecha de publicación, distribución, etc. 1935.
300 ## - DESCRIPCIÓN FÍSICA
Extensión 2 v. ;
Dimensiones 19 cm.
700 1# - ENTRADA AGREGADA--NOMBRE PERSONAL
Nombre de persona Debraye, Henry (
Fechas asociadas al nombre 1878-1948)
9 (RLIN) 43132
700 1# - ENTRADA AGREGADA--NOMBRE PERSONAL
Nombre de persona Royer, Louis.
9 (RLIN) 100214
852 ## - LOCALIZACIÓN
Ubicación ES-MaACL
Número de control de estantería A-4269-70
Holdings
Estatus retirado Estado de pérdida Estado de daño No para préstamo Biblioteca de origen Biblioteca actual Ubicación en estantería Fecha de adquisición Fuente de adquisición Total de préstamos Signatura topográfica completa Código de barras Visto por última vez Precio de reemplazo Tipo de ítem Koha
        Biblioteca del Ateneo de Madrid Biblioteca del Ateneo de Madrid Sala Pecera Planta 1 17/01/2008     A-4269-70 1155053 23/02/2023 23/02/2023 Libro impreso